[Event "12. Süder Sommerpokal"]
[Site "Recklinghausen"]
[Date "2001.08.07"]
[Round "4"]
[White "Nebel, Jens"]
[Black "Busch, Christian"]
[Result "1/2-1/2"]
[WhiteElo "2022"]
[BlackElo "2112"]
[PlyCount "126"]
[EventDate "2001.??.??"]

1. e4 d5 2. exd5 Nf6 3. d4 Nxd5 4. c4 Nb6 5. Nf3 Bg4 6. Qb3 Bxf3 7. Qxf3 Nc6 8.
d5 Ne5 9. Qe4 Ned7 10. Nc3 Nf6 11. Qf3 g6 12. Bg5 Bg7 13. Be2 Qd7 14. Rd1 O-O
15. c5 Nc8 16. O-O h6 17. Bf4 Nh5 18. Be3 a6 19. Qe4 Nf6 20. Qb4 b6 21. cxb6
cxb6 22. Bf3 Rb8 23. Rfe1 Rd8 24. Bf4 Nd6 25. Ne2 g5 26. Bxd6 Qxd6 27. Qxd6
Rxd6 28. Nd4 g4 29. Nc6 Re8 30. Be4 e6 31. Bd3 b5 32. a4 Rxd5 33. axb5 axb5 34.
Nb4 Rg5 35. Nc6 Rc5 36. Ne5 Rd5 37. Nc6 Kf8 38. Re5 Rxe5 39. Nxe5 Rd8 40. Be2
Rxd1+ 41. Bxd1 h5 42. Be2 b4 43. Nc6 Nd5 44. Bc4 Bxb2 45. Bxd5 exd5 46. Nxb4 d4
47. Kf1 Bc3 48. Nd3 Kg7 49. Ke2 Kf6 50. f3 Kf5 51. Nf2 Ba5 52. Nd3 Bc7 53. h3
gxh3 54. gxh3 Bg3 55. Kf1 Ke6 56. Ke2 Kd5 57. Nb4+ Kc4 58. Nd3 Kc3 59. Nc5 h4
60. Nd3 Bh2 61. Nf2 Bg1 62. Nd3 Be3 63. Ne1 Kc4 1/2-1/2

[Event "12. Süder Sommerpokal"]
[Site "Recklinghausen"]
[Date "2001.08.07"]
[Round "4"]
[White "Lutz, Jürgen"]
[Black "Parado, Dominado"]
[Result "1-0"]
[WhiteElo "1941"]
[BlackElo "2107"]
[PlyCount "99"]
[EventDate "2001.??.??"]

1. e4 c5 2. Nf3 d6 3. d4 cxd4 4. Nxd4 Nf6 5. Nc3 Nc6 6. Be3 e5 7. Nb3 Be6 8. f3
a6 9. Nd5 Bxd5 10. exd5 Ne7 11. c4 b6 12. Bd3 Nd7 13. O-O f5 14. Bg5 g6 15. Re1
Bg7 16. Nd4 Qc8 17. Ne6 Bf6 18. Bxf6 Nxf6 19. Qd2 h6 20. Qb4 Qb8 21. g4 Kf7 22.
gxf5 gxf5 23. Kh1 Rh7 24. Re2 b5 25. b3 bxc4 26. Qxb8 Rxb8 27. bxc4 a5 28. Rb1
Rxb1+ 29. Bxb1 Rh8 30. Rb2 Rc8 31. Bd3 Nd7 32. Rb7 Nc5 33. Nxc5 Rxc5 34. Rd7 e4
35. fxe4 fxe4 36. Be2 Kf6 37. Rxd6+ Kg5 38. Re6 Nf5 39. Rxe4 Nd6 40. Rg4+ Kf5
41. h3 Rc7 42. Kg2 Ke5 43. Kf3 Rf7+ 44. Ke3 Rb7 45. Rg6 Nf5+ 46. Kd3 Rb2 47.
Re6+ Kf4 48. d6 Rb6 49. c5 Rc6 50. d7 1-0

[Event "12. Süder Sommerpokal"]
[Site "Recklinghausen"]
[Date "2001.08.07"]
[Round "4"]
[White "Meyer, Jürgen"]
[Black "Sondermann, Dirk"]
[Result "1/2-1/2"]
[WhiteElo "1801"]
[BlackElo "2171"]
[PlyCount "68"]
[EventDate "2001.??.??"]

1. b3 Nf6 2. Bb2 e6 3. e3 b6 4. Qf3 d5 5. Bxf6 Qxf6 6. Qxf6 gxf6 7. c4 dxc4 8.
Bxc4 Rg8 9. g3 Bb7 10. f3 f5 11. Nc3 Bg7 12. Rc1 a6 13. Kf2 c5 14. Nge2 Nd7 15.
d4 cxd4 16. exd4 b5 17. Bd3 Nb6 18. Rhd1 b4 19. Na4 Nxa4 20. bxa4 Rc8 21. Rxc8+
Bxc8 22. Rc1 Kd7 23. Rc4 Bf8 24. d5 Bb7 25. dxe6+ fxe6 26. Rh4 Bc5+ 27. Ke1 Rg7
28. Nf4 Bxf3 29. Bxa6 e5 30. Nd3 Bd6 31. Bb5+ Ke7 32. Nxb4 f4 33. Nc6+ Bxc6 34.
Bxc6 fxg3 1/2-1/2

[Event "12. Süder Sommerpokal"]
[Site "Recklinghausen"]
[Date "2001.08.07"]
[Round "4"]
[White "Pirs, Matjaz"]
[Black "Lüder, Thomas"]
[Result "1-0"]
[WhiteElo "2248"]
[BlackElo "1836"]
[PlyCount "73"]
[EventDate "2001.??.??"]

1. d4 f5 2. Nf3 Nf6 3. Bf4 g6 4. e3 Bg7 5. Bc4 d5 6. Bd3 O-O 7. c4 e6 8. c5
Nbd7 9. Be5 Nxe5 10. Nxe5 Ng4 11. Nxg4 fxg4 12. Be2 e5 13. Nc3 c6 14. dxe5 Bxe5
15. O-O Qe7 16. Rc1 h5 17. b4 Bxh2+ 18. Kxh2 Qh4+ 19. Kg1 Rxf2 20. Rxf2 g3 21.
Rf8+ Kxf8 22. Bf3 Qh2+ 23. Kf1 Bf5 24. Ke2 Qh4 25. Qd4 Qxd4 26. exd4 Re8+ 27.
Kd2 Kg7 28. Re1 Rxe1 29. Kxe1 Kh6 30. b5 Bd3 31. Be2 Bf5 32. Kd2 Kg5 33. Ke3
Be6 34. a4 Kf5 35. Bd3+ Kg5 36. Ne2 h4 37. Ng1 1-0

[Event "12. Süder Sommerpokal"]
[Site "Recklinghausen"]
[Date "2001.08.07"]
[Round "4"]
[White "Stepa, Rainer"]
[Black "Goralski, Christian"]
[Result "0-1"]
[WhiteElo "1793"]
[BlackElo "2149"]
[PlyCount "44"]
[EventDate "2001.??.??"]

1. Nf3 d5 2. d4 Nf6 3. Bf4 c5 4. e3 Nc6 5. c3 Qb6 6. Na3 c4 7. Qc2 g6 8. e4
Nxe4 9. Nxc4 dxc4 10. Qxe4 Qxb2 11. Rb1 Qxa2 12. g4 f5 13. Qd5 Qxb1+ 14. Kd2
Qe4 15. Bxc4 Qxf4+ 16. Kd1 e6 17. Re1 Be7 18. Qb5 Qxf3+ 19. Kc2 a6 20. Qb6 O-O
21. Bxe6+ Bxe6 22. Rxe6 Qd5 0-1

[Event "12. Süder Sommerpokal"]
[Site "Recklinghausen"]
[Date "2001.08.07"]
[Round "4"]
[White "Becker, Peter"]
[Black "Klueting, Reiner"]
[Result "1/2-1/2"]
[WhiteElo "1730"]
[BlackElo "2131"]
[PlyCount "28"]
[EventDate "2001.??.??"]

1. e4 e5 2. Nf3 Nf6 3. Nxe5 Nc6 4. Nxc6 dxc6 5. d3 Bc5 6. Be2 h5 7. h3 Qd4 8.
O-O Qe5 9. Kh1 g5 10. f4 gxf4 11. Bxf4 Qxb2 12. Nd2 Ng4 13. Nf3 Ne3 14. Bxe3
Bxe3 1/2-1/2

[Event "12. Süder Sommerpokal"]
[Site "Recklinghausen"]
[Date "2001.08.07"]
[Round "4"]
[White "Ritter, Uwe"]
[Black "Verfürth, Christian"]
[Result "1-0"]
[WhiteElo "2094"]
[BlackElo "1807"]
[PlyCount "41"]
[EventDate "2001.??.??"]

1. Nf3 f5 2. e4 fxe4 3. Ng5 d5 4. d3 Qd6 5. dxe4 h6 6. Nh3 Nf6 7. exd5 Nxd5 8.
Bd3 g6 9. Nf4 Nxf4 10. Bxf4 e5 11. Qe2 Bg7 12. Nc3 O-O 13. O-O-O Qc5 14. Bc4+
Kh7 15. Rd5 Qc6 16. Bxe5 Be6 17. Bxg7 Kxg7 18. Qe5+ Kh7 19. Rc5 Qxg2 20. Rxc7+
Nd7 21. Rd1 1-0

[Event "12. Süder Sommerpokal"]
[Site "Recklinghausen"]
[Date "2001.08.07"]
[Round "4"]
[White "Mittelbachert, Ulrich"]
[Black "Otto, Michael"]
[Result "1-0"]
[WhiteElo "2086"]
[BlackElo "1796"]
[PlyCount "101"]
[EventDate "2001.??.??"]

1. Nf3 c5 2. e4 d6 3. d3 Nc6 4. g3 Rb8 5. Bg2 e6 6. O-O Nf6 7. Re1 Be7 8. c3
O-O 9. a3 Qc7 10. Qe2 b6 11. Nbd2 Ba6 12. Nf1 Rfd8 13. Bg5 h6 14. Bf4 e5 15.
Be3 d5 16. c4 dxe4 17. dxe4 Nd4 18. Bxd4 cxd4 19. b3 Bc5 20. Qd3 b5 21. N1d2
Nd7 22. Bh3 f6 23. Be6+ Kh8 24. Nh4 Nf8 25. Bd5 bxc4 26. bxc4 Bb7 27. Nf5 Bxd5
28. cxd5 Qd7 29. Rec1 Bb6 30. Rc6 Rbc8 31. Rac1 Kh7 32. Kg2 g6 33. Nh4 Rxc6 34.
Rxc6 Kg7 35. Nhf3 Rc8 36. Rxc8 Qxc8 37. Nc4 Nd7 38. Nfd2 Qa6 39. Qb3 Nc5 40.
Qb4 Qa4 41. Nxb6 axb6 42. Qxb6 Qxa3 43. Qc7+ Kg8 44. Nc4 Qb4 45. Qd8+ Kg7 46.
Qe7+ Kg8 47. Qe8+ Kg7 48. Nd6 h5 49. Qf7+ Kh6 50. Qf8+ Kh7 51. Ne8 1-0

[Event "12. Süder Sommerpokal"]
[Site "Recklinghausen"]
[Date "2001.08.07"]
[Round "4"]
[White "Bettendorf, Heinz"]
[Black "Leveikina, Jevgenija"]
[Result "1-0"]
[WhiteElo "1712"]
[BlackElo "2021"]
[PlyCount "73"]
[EventDate "2001.??.??"]

1. e4 e5 2. Nf3 Nc6 3. d4 exd4 4. Nxd4 Bc5 5. Be3 Qf6 6. c3 Nge7 7. Bc4 O-O 8.
O-O Bb6 9. b4 d6 10. a4 Bxd4 11. cxd4 Nxb4 12. Nc3 a5 13. Qd2 h6 14. f4 d5 15.
Be2 dxe4 16. Nxe4 Qg6 17. Bf3 Ned5 18. Ra3 Bf5 19. Ng3 Nxe3 20. Rxe3 c6 21. Re5
Bd3 22. Rc1 Qd6 23. Qe3 Rad8 24. d5 cxd5 25. Rd1 Bc2 26. Rd2 Bxa4 27. Nf5 Qc7
28. Bd1 Bxd1 29. Rxd1 Nc6 30. Qg3 Qb6+ 31. Kh1 g6 32. Nxh6+ Kh7 33. Qh4 Kg7 34.
Nf5+ gxf5 35. Qg5+ Kh8 36. Qf6+ Kh7 37. Rxf5 1-0

[Event "12. Süder Sommerpokal"]
[Site "Recklinghausen"]
[Date "2001.08.07"]
[Round "4"]
[White "Gassmann, Volker"]
[Black "Beyer, Thomas"]
[Result "1-0"]
[WhiteElo "2188"]
[BlackElo "1682"]
[PlyCount "115"]
[EventDate "2001.??.??"]

1. d4 c6 2. c4 d6 3. Nc3 g6 4. e4 Nd7 5. Be3 e5 6. Qd2 Bg7 7. d5 Qc7 8. O-O-O
Ke7 9. f3 c5 10. g4 h5 11. g5 Qa5 12. Kb1 Nb6 13. Qc2 Bd7 14. b3 a6 15. Bd2 Nc8
16. Bh3 Na7 17. Bxd7 Kxd7 18. Nge2 Ne7 19. Rhf1 Rhf8 20. Rf2 Qc7 21. Rdf1 b5
22. Nc1 bxc4 23. bxc4 Nec8 24. Qa4+ Ke7 25. Nb3 Nb6 26. Qxa6 Nac8 27. Qb5 Na7
28. Qa5 Nac8 29. Nb5 Qb7 30. Qc3 Na4 31. Qc2 Na7 32. Nxa7 Rxa7 33. Ka1 Rfa8 34.
Rb1 Qc7 35. Nc1 Qd7 36. Rb5 Qc7 37. Qb3 Kf8 38. Ne2 Ra6 39. Nc3 Nb6 40. Bc1 Nc8
41. Kb1 R6a7 42. a4 Ke8 43. Rb2 Kd8 44. Bd2 Bf8 45. Rb7 Qa5 46. Rxa7 Qxa7 47.
Qb7 Qxb7 48. Rxb7 Ra7 49. Rxa7 Nxa7 50. Nb5 Nc8 51. a5 Kd7 52. a6 Nb6 53. Ba5
Na8 54. a7 Kc8 55. Bc7 Kd7 56. h3 Be7 57. Kc2 Bxg5 58. Bxd6 1-0

[Event "12. Süder Sommerpokal"]
[Site "Recklinghausen"]
[Date "2001.08.07"]
[Round "4"]
[White "Ackermann, Frank"]
[Black "Samisch, Romuald"]
[Result "0-1"]
[WhiteElo "1961"]
[BlackElo "1677"]
[PlyCount "82"]
[EventDate "2001.??.??"]

1. d4 Nf6 2. Nf3 g6 3. c4 Bg7 4. Nc3 d5 5. Qb3 dxc4 6. Qxc4 O-O 7. e4 Na6 8. e5
Be6 9. Qb5 Nd5 10. a3 Nb6 11. Be2 Rc8 12. O-O c6 13. Qa5 Bc4 14. Bxc4 Nxc4 15.
Qa4 Nb6 16. Qb3 c5 17. Be3 c4 18. Qc2 Nc7 19. h4 Nbd5 20. Qe2 Ne6 21. Bg5 Nxg5
22. Nxg5 h6 23. Nge4 a6 24. Rae1 Nf4 25. Qe3 Nd3 26. Rb1 b5 27. g3 f5 28. exf6
exf6 29. Nc5 Re8 30. Qf3 Nxc5 31. dxc5 Qc7 32. Ne4 Qc6 33. Rfe1 f5 34. Nd2
Rxe1+ 35. Rxe1 Qxf3 36. Nxf3 Bxb2 37. Rb1 Bxa3 38. Ra1 b4 39. Ne5 Rxc5 40. Nxg6
Kf7 41. Nf4 c3 0-1

[Event "12. Süder Sommerpokal"]
[Site "Recklinghausen"]
[Date "2001.08.07"]
[Round "4"]
[White "König, Daniela"]
[Black "Reinhold, Klaus"]
[Result "0-1"]
[WhiteElo "1492"]
[BlackElo "1931"]
[PlyCount "34"]
[EventDate "2001.??.??"]

1. e4 e5 2. Nf3 Nf6 3. Nc3 Bb4 4. Bc4 O-O 5. d3 Nc6 6. Bd2 d6 7. h3 Ne7 8. O-O
Ng6 9. a3 Ba5 10. Re1 c6 11. Ba2 h6 12. d4 exd4 13. Nxd4 Re8 14. f3 Bc7 15. Kh2
d5+ 16. g3 dxe4 17. Nb3 Qd7 0-1

[Event "12. Süder Sommerpokal"]
[Site "Recklinghausen"]
[Date "2001.08.07"]
[Round "4"]
[White "Montignies, Rainer"]
[Black "Baumann, Ralf-Rüdiger"]
[Result "1-0"]
[WhiteElo "1901"]
[BlackElo "1460"]
[PlyCount "75"]
[EventDate "2001.??.??"]

1. e4 c5 2. Nf3 e6 3. d4 cxd4 4. Nxd4 Qb6 5. Nb3 Qc7 6. Nc3 Nf6 7. Bd3 a6 8.
Qe2 Nc6 9. f4 d6 10. a3 Be7 11. O-O b5 12. Bd2 Bb7 13. Rae1 O-O 14. e5 dxe5 15.
fxe5 Nd7 16. Bf4 Rfd8 17. Bg3 Nf8 18. h4 Rd7 19. Qf2 Bd8 20. Nc5 Re7 21. h5 Qb6
22. N3e4 Nd7 23. Nxb7 Qxb7 24. Qe2 Ndxe5 25. Bxe5 Nxe5 26. Nc5 Qa7 27. Qxe5 Bb6
28. b4 Rc8 29. Kh1 Bxc5 30. bxc5 Rxc5 31. Qe2 h6 32. Qf3 Rg5 33. Rd1 Rc7 34.
Be4 Rc8 35. g4 Qc5 36. Qxf7+ Kh8 37. Qxe6 Re5 38. Qg6 1-0

[Event "12. Süder Sommerpokal"]
[Site "Recklinghausen"]
[Date "2001.08.07"]
[Round "4"]
[White "Wolters, Gunnar"]
[Black "Jungbluth, Rolf"]
[Result "0-1"]
[WhiteElo "1432"]
[BlackElo "2156"]
[PlyCount "56"]
[EventDate "2001.??.??"]

1. e4 d5 2. exd5 Nf6 3. d4 Nxd5 4. Nf3 g6 5. c3 Bg7 6. h3 O-O 7. Bd3 c6 8. O-O
Nd7 9. Be3 N7f6 10. Nbd2 Nh5 11. Nb3 a5 12. Qd2 a4 13. Nc1 Qd6 14. Ne2 Nxe3 15.
Qxe3 Ra5 16. Rfe1 e6 17. Nd2 Qc7 18. b4 axb3 19. axb3 Rd5 20. Be4 Rdd8 21. Bf3
Nf6 22. Ne4 Nd5 23. Qd2 e5 24. dxe5 Bxe5 25. Qc2 Qb6 26. N2g3 f5 27. Nd2 Bxg3
28. Nc4 Qc5 0-1

[Event "12. Süder Sommerpokal"]
[Site "Recklinghausen"]
[Date "2001.08.07"]
[Round "4"]
[White "Bömelburg, Jürgen"]
[Black "Servaty, Rudolf"]
[Result "0-1"]
[WhiteElo "1778"]
[BlackElo "2255"]
[PlyCount "60"]
[EventDate "2001.??.??"]

1. e4 c5 2. Nc3 e6 3. f4 d5 4. Bb5+ Nc6 5. Bxc6+ bxc6 6. Nf3 c4 7. O-O Be7 8.
Qe1 d4 9. Ne2 d3 10. cxd3 cxd3 11. Nc3 Nf6 12. b3 O-O 13. Bb2 Qc7 14. e5 Nd5
15. Nxd5 cxd5 16. Qg3 g6 17. Ne1 Ba6 18. Bc3 Ba3 19. Bd4 Rfc8 20. f5 Bc5 21.
Bxc5 Qxc5+ 22. Kh1 exf5 23. Nxd3 Qd4 24. Nf4 Bxf1 25. Rxf1 Qxe5 26. Re1 Qd6 27.
Qg5 Re8 28. Rf1 Rac8 29. Nh5 Rc6 30. g4 Qe7 0-1

[Event "12. Süder Sommerpokal"]
[Site "Recklinghausen"]
[Date "2001.08.07"]
[Round "4"]
[White "Goihl, Mona"]
[Black "Hebestreit, Andreas"]
[Result "1-0"]
[WhiteElo "2134"]
[BlackElo "1776"]
[PlyCount "45"]
[EventDate "2001.??.??"]

1. e4 c6 2. d4 d5 3. e5 Bf5 4. Nc3 e6 5. g4 Bg6 6. Nge2 f6 7. Nf4 Bf7 8. exf6
Qxf6 9. g5 Qxg5 10. Nfxd5 Qd8 11. Nf4 Qf6 12. Ne4 Qe7 13. Qe2 e5 14. dxe5 Qxe5
15. Nd3 Qe7 16. Bg5 Nf6 17. Nd6+ Kd8 18. Nxf7+ Qxf7 19. Ne5 Qe7 20. O-O-O+ Ke8
21. Bh3 h6 22. Bxf6 Qxf6 23. Ng6+ 1-0

[Event "12. Süder Sommerpokal"]
[Site "Recklinghausen"]
[Date "2001.08.07"]
[Round "4"]
[White "Banik, Thorsten"]
[Black "Hellbing, Bernd"]
[Result "1-0"]
[WhiteElo "2117"]
[BlackElo "1756"]
[PlyCount "91"]
[EventDate "2001.??.??"]

1. d4 e6 2. e4 d5 3. Nd2 dxe4 4. Nxe4 Bd7 5. Nf3 Bc6 6. Bd3 Nd7 7. Qe2 Ngf6 8.
Bf4 Be7 9. O-O-O Bxe4 10. Bxe4 Nxe4 11. Qxe4 c6 12. h4 Nf6 13. Qe2 Nd5 14. Bd2
Qc7 15. Ne5 Bb4 16. c3 Bd6 17. Nd3 Bf4 18. g3 Bxd2+ 19. Rxd2 O-O-O 20. f4 Rhe8
21. Nc5 g6 22. Qf3 h5 23. Re1 Re7 24. Rde2 Rde8 25. Ne4 Kb8 26. Nd2 Nb6 27. Qe3
Nd5 28. Qe5 Qxe5 29. fxe5 Rf8 30. Rf1 Nc7 31. Ne4 Ne8 32. Ref2 Ng7 33. a4 Nf5
34. b4 a6 35. Kd2 Rd8 36. Ke2 Kc7 37. Kf3 Red7 38. Rb1 Ra8 39. Rfb2 b5 40. Ra1
Rad8 41. Rba2 Kb6 42. axb5 cxb5 43. Nc5 Nxd4+ 44. cxd4 Rxd4 45. Rxa6+ Kc7 46.
Rxe6 1-0

[Event "12. Süder Sommerpokal"]
[Site "Recklinghausen"]
[Date "2001.08.07"]
[Round "4"]
[White "Bergmann, Josef"]
[Black "Wagner, Ralf"]
[Result "0-1"]
[WhiteElo "1774"]
[BlackElo "2089"]
[PlyCount "54"]
[EventDate "2001.??.??"]

1. f4 d6 2. Nf3 c5 3. b3 e5 4. fxe5 dxe5 5. Nxe5 Qd4 6. Bb2 Qxb2 7. Nc3 Qa3 8.
e3 Qa5 9. Bb5+ Nd7 10. Qf3 Ngf6 11. O-O Qc7 12. Nc4 Be7 13. Nd5 Qd8 14. Nxf6+
gxf6 15. Qe4 Kf8 16. Qh4 h6 17. Qh5 a6 18. Bxd7 Bxd7 19. Rf3 Be6 20. d3 Qd5 21.
Qh4 Qg5 22. Qf2 b5 23. Nd2 Bg4 24. Rg3 Bd6 25. Ne4 Bxg3 26. Qxg3 Qe5 27. Qxg4
Qxa1+ 0-1

[Event "12. Süder Sommerpokal"]
[Site "Recklinghausen"]
[Date "2001.08.07"]
[Round "4"]
[White "Weißkopf, Lutz"]
[Black "Grofig, Patrick"]
[Result "1-0"]
[WhiteElo "2042"]
[BlackElo "1719"]
[PlyCount "221"]
[EventDate "2001.??.??"]

1. e4 d5 2. exd5 Qxd5 3. Nc3 Qa5 4. d4 Nf6 5. Bc4 c6 6. Bf4 Bg4 7. f3 Bf5 8.
Nge2 Nbd7 9. g4 Bg6 10. h4 h6 11. Qd2 O-O-O 12. h5 Bh7 13. Bxf7 Bg8 14. Bxg8
Rxg8 15. O-O-O e6 16. Qe3 Bb4 17. Qxe6 Rge8 18. Qb3 Nb6 19. a3 Bd6 20. Bd2 Qa6
21. Nf4 Nc4 22. Nd3 Nxd2 23. Rxd2 Re3 24. Rf2 Rxd3 25. cxd3 Qxd3 26. Qc2 Qxd4
27. Rd1 Qf4+ 28. Kb1 Rf8 29. Rfd2 Bc7 30. Rd3 Kb8 31. Qb3 Qe5 32. Qb4 Re8 33.
Qc4 Rf8 34. b4 Rc8 35. Qf7 Qg5 36. a4 a6 37. Ka2 Be5 38. Qb3 Qf4 39. Ne2 Qh2
40. R3d2 Qf2 41. Nf4 Qb6 42. Ng6 Bc7 43. Ne7 Re8 44. Nf5 Nd5 45. Ka3 Be5 46.
Rc2 Bf6 47. a5 Qd8 48. Qc4 Be7 49. Nxe7 Qxe7 50. Rd3 Qe5 51. Rc1 Qe2 52. Qc2
Qe7 53. Qc5 Qe5 54. Rcd1 Re6 55. Qd4 Kc7 56. Qxe5+ Rxe5 57. Kb3 Kd6 58. f4 Re4
59. Rd4 Re3+ 60. R1d3 Re1 61. Rg3 Ke6 62. Kc2 Re2+ 63. Kc1 Rh2 64. Re4+ Kf7 65.
f5 Rf2 66. Rd3 Ra2 67. Rd2 Ra3 68. Kb2 Rf3 69. Rg2 Nf6 70. Rd4 Nd5 71. Re2 Rg3
72. Ree4 Rh3 73. Re6 Rg3 74. Rd6 Ke7 75. Rg6 Kf7 76. Rd6 Ke7 77. Re6+ Kf7 78.
Ree4 Rh3 79. Kc2 Rc3+ 80. Kd2 Rg3 81. Ke1 Rg2 82. Re2 Rg3 83. Kf2 Rb3 84. Ree4
Kf8 85. Kg2 Kf7 86. Kh2 Kf8 87. g5 hxg5 88. Rg4 Rb2+ 89. Rg2 Rxb4 90. Rxb4 Nxb4
91. Rxg5 c5 92. f6 gxf6 93. Rxc5 Nc6 94. Kh3 Kg7 95. Kh4 Kh6 96. Rf5 Kg7 97.
Rd5 Kh6 98. Rd6 Nxa5 99. Rxf6+ Kg7 100. Kg5 Nc6 101. h6+ Kg8 102. Re6 Kh7 103.
Rd6 a5 104. Rd7+ Kh8 105. h7 Ne5 106. Rxb7 a4 107. Re7 Nc6 108. Re6 Nd4 109.
Re4 a3 110. Rxd4 a2 111. Kg6 1-0

[Event "12. Süder Sommerpokal"]
[Site "Recklinghausen"]
[Date "2001.08.07"]
[Round "4"]
[White "Westermann, Bernhard"]
[Black "Hahn, Matthias"]
[Result "1/2-1/2"]
[WhiteElo "1650"]
[BlackElo "1932"]
[PlyCount "25"]
[EventDate "2001.??.??"]

1. d4 e6 2. Nf3 Nf6 3. e3 d5 4. Bd3 Be7 5. O-O O-O 6. b3 Nbd7 7. Bb2 c5 8. Nbd2
cxd4 9. exd4 b6 10. Ne5 Nxe5 11. dxe5 Nd7 12. f4 Nc5 13. Be2 1/2-1/2

[Event "12. Süder Sommerpokal"]
[Site "Recklinghausen"]
[Date "2001.08.07"]
[Round "4"]
[White "Nebel, Rudi"]
[Black "Cordes, Mary Ann"]
[Result "1/2-1/2"]
[WhiteElo "1640"]
[BlackElo "1931"]
[PlyCount "115"]
[EventDate "2001.??.??"]

1. d4 Nf6 2. c4 g6 3. Nc3 Bg7 4. e4 d6 5. Be2 O-O 6. Nf3 Nbd7 7. O-O e5 8. h3
c6 9. Be3 Qc7 10. Qc2 Ne8 11. Rad1 h6 12. Qd2 Kh7 13. g4 f5 14. exf5 gxf5 15.
gxf5 Ndf6 16. Nh4 Qf7 17. Qd3 Rg8 18. Kh2 Bf8 19. Rg1 Ng7 20. Rg6 Nxf5 21. Rxg8
Nxg8 22. Rg1 Nge7 23. dxe5 dxe5 24. Bg4 Kh8 25. Nxf5 Bxf5 26. Qe2 Bxg4 27. Qxg4
Qf5 28. Qxf5 Nxf5 29. Rd1 Nxe3 30. fxe3 Bc5 31. Rd7 Bxe3 32. Ne4 Rf8 33. Rxb7
Rf4 34. Nd6 Kg8 35. a4 Rd4 36. Nf5 Bf4+ 37. Kh1 Rxc4 38. Rxa7 Rc1+ 39. Kg2 Rc2+
40. Kh1 Rxb2 41. Ne7+ Kf8 42. Nxc6 Rh2+ 43. Kg1 Rxh3 44. Ra8+ Kf7 45. a5 Ra3
46. a6 Ke6 47. Kf1 Be3 48. a7 Bxa7 49. Rxa7 Rxa7 50. Nxa7 Kf5 51. Nc6 e4 52.
Nd4+ Kf4 53. Ke2 h5 54. Ne6+ Kg3 55. Ke3 h4 56. Nf4 h3 57. Nxh3 Kxh3 58. Kxe4
1/2-1/2

[Event "12. Süder Sommerpokal"]
[Site "Recklinghausen"]
[Date "2001.08.07"]
[Round "4"]
[White "Thimm, Gerd"]
[Black "Biendara, Michael"]
[Result "1/2-1/2"]
[WhiteElo "1634"]
[BlackElo "1912"]
[PlyCount "80"]
[EventDate "2001.??.??"]

1. d4 e6 2. Nf3 d5 3. c4 Nf6 4. Nc3 Nbd7 5. Bg5 Be7 6. e3 c6 7. cxd5 exd5 8.
Bd3 h6 9. Bxf6 Nxf6 10. O-O Bg4 11. h3 Be6 12. Rc1 g5 13. e4 g4 14. exd5 Nxd5
15. Ne5 gxh3 16. g3 Bg5 17. Ne4 Bxc1 18. Qxc1 Nb4 19. Qc5 Nxd3 20. Nd6+ Kf8 21.
Nxd3 Qe7 22. Qe5 Rg8 23. Ne4 Bxa2 24. Qh5 Kg7 25. Ne5 Bd5 26. Ng4 Rh8 27. f3
Raf8 28. Ngf6 Bxe4 29. fxe4 Rd8 30. Qg4+ Kf8 31. e5 c5 32. Rf4 cxd4 33. e6 d3
34. Nd7+ Rxd7 35. Rxf7+ Qxf7 36. exf7 Rxf7 37. Qc8+ Kg7 38. Qg4+ Kf8 39. Qc8+
Kg7 40. Qc3+ Kh7 1/2-1/2

[Event "12. Süder Sommerpokal"]
[Site "Recklinghausen"]
[Date "2001.08.07"]
[Round "4"]
[White "Wormuth, Marcus"]
[Black "Fuhrmann, Marc Andre"]
[Result "0-1"]
[WhiteElo "1911"]
[BlackElo "1616"]
[PlyCount "66"]
[EventDate "2001.??.??"]

1. e4 e6 2. d4 d5 3. Nc3 Bb4 4. e5 c5 5. a3 Bxc3+ 6. bxc3 Qc7 7. Bb5+ Bd7 8.
Bxd7+ Nxd7 9. Ne2 Rc8 10. Ra2 Ne7 11. O-O cxd4 12. cxd4 Nb6 13. c3 Qc4 14. Rb2
Rc7 15. f4 Kd7 16. Rf3 Qa4 17. Qd3 Qc4 18. Qc2 g6 19. g4 h5 20. Rb4 Qc6 21. f5
gxf5 22. gxf5 Nxf5 23. Ng3 Rg8 24. Kf2 Nxg3 25. hxg3 Kc8 26. Qh7 Qe8 27. Qxh5
Rh8 28. Bh6 Qg8 29. g4 Qh7 30. g5 Nc4 31. Qh3 Nd2 32. g6 Ne4+ 33. Ke1 Qxg6 0-1

[Event "12. Süder Sommerpokal"]
[Site "Recklinghausen"]
[Date "2001.08.07"]
[Round "4"]
[White "Schreck, Peter"]
[Black "Jittenmeier, Franz"]
[Result "1/2-1/2"]
[WhiteElo "1621"]
[BlackElo "1902"]
[PlyCount "58"]
[EventDate "2001.??.??"]

1. Nf3 g6 2. g3 Bg7 3. Bg2 Nf6 4. O-O O-O 5. d4 d6 6. c4 c6 7. Re1 Nbd7 8. e4
e5 9. Bg5 h6 10. Bxf6 Qxf6 11. d5 c5 12. Nbd2 Re8 13. Rc1 Nf8 14. a3 g5 15. Nf1
Ng6 16. Ne3 Bd7 17. b4 b6 18. Qc2 h5 19. h3 Ne7 20. bxc5 bxc5 21. Rb1 Bc8 22.
Rb2 Qg6 23. Nh2 f5 24. exf5 Bxf5 25. Nxf5 Qxf5 26. Be4 Qxh3 27. Qe2 h4 28. Qh5
Reb8 29. Reb1 Rxb2 1/2-1/2

[Event "12. Süder Sommerpokal"]
[Site "Recklinghausen"]
[Date "2001.08.07"]
[Round "4"]
[White "Diebig, Maja"]
[Black "Manthei, Michael"]
[Result "1/2-1/2"]
[WhiteElo "1612"]
[BlackElo "1874"]
[PlyCount "93"]
[EventDate "2001.??.??"]

1. d4 b6 2. g3 Bb7 3. Nf3 g6 4. Bg2 Bg7 5. c4 d6 6. O-O Nd7 7. Nc3 h6 8. e3 e6
9. Qc2 Ne7 10. Rd1 O-O 11. b4 c6 12. a4 Qc7 13. Ra2 Rac8 14. Ba3 Rfd8 15. Rc1
a6 16. Ne4 Nf6 17. c5 Nxe4 18. Qxe4 d5 19. Qd3 b5 20. axb5 axb5 21. Bb2 Ra8 22.
Rca1 Rxa2 23. Rxa2 Ra8 24. Rxa8+ Bxa8 25. Qa3 Bb7 26. Nd2 Bc8 27. Nb3 Bd7 28.
Qa5 Qxa5 29. Nxa5 Bc8 30. Kf1 Kf8 31. Ke2 Ke8 32. Kd3 Kd8 33. f3 Kc7 34. Bc1 f6
35. e4 g5 36. Bd2 Ng6 37. Bh3 f5 38. Bg2 Bf6 39. h3 h5 40. e5 Be7 41. Bf1 Bd7
42. Be2 Be8 43. Nb3 Bf7 44. Na1 Bg8 45. Nc2 Bh7 46. f4 g4 47. h4 1/2-1/2

[Event "12. Süder Sommerpokal"]
[Site "Recklinghausen"]
[Date "2001.08.07"]
[Round "4"]
[White "Bembennek, Ralf"]
[Black "von Beers, Rainer"]
[Result "1/2-1/2"]
[WhiteElo "1590"]
[BlackElo "1864"]
[PlyCount "78"]
[EventDate "2001.??.??"]

1. e4 c5 2. f4 Nc6 3. Nf3 g6 4. Bc4 Bg7 5. O-O e6 6. Nc3 Nge7 7. e5 d5 8. Bb5
O-O 9. Bxc6 bxc6 10. b3 Ba6 11. Re1 c4 12. Ba3 Re8 13. Kh1 Nf5 14. g4 Nh4 15.
Nxh4 Qxh4 16. Qf3 Rac8 17. Bc5 Rc7 18. Rg1 f6 19. Bf2 Qh6 20. exf6 Bh8 21. g5
Qf8 22. Rg3 e5 23. f5 Qd6 24. fxg6 hxg6 25. Rh3 Qe6 26. Rh6 Qf5 27. Qg3 Rh7 28.
Rxh7 Kxh7 29. Qh4+ Kg8 30. bxc4 Bxc4 31. Rb1 Ba6 32. Bxa7 Qxc2 33. Qf2 Kf7 34.
Qb6 Bb5 35. Qc7+ Ke6 36. Re1 Qf5 37. Bc5 Qf3+ 38. Kg1 Qg4+ 39. Kh1 Qf3+ 1/2-1/2

[Event "12. Süder Sommerpokal"]
[Site "Recklinghausen"]
[Date "2001.08.07"]
[Round "4"]
[White "Lautenschütz, Ludger"]
[Black "Barskij, Aleksandr"]
[Result "1/2-1/2"]
[WhiteElo "1582"]
[BlackElo "1859"]
[PlyCount "133"]
[EventDate "2001.??.??"]

1. d4 Nf6 2. c4 g6 3. Nc3 d5 4. e3 Bg7 5. Nf3 O-O 6. Be2 c5 7. O-O cxd4 8. Nxd4
Nc6 9. cxd5 Nxd5 10. Nxc6 bxc6 11. Bd2 Rb8 12. Na4 Qd6 13. Qc2 Nb4 14. Bxb4
Qxb4 15. Qxc6 Bb7 16. Qc4 Qxc4 17. Bxc4 Bc6 18. Bb3 Bxa4 19. Bxa4 Rxb2 20. Bb3
Rd8 21. Rab1 Rdd2 22. Rxb2 Rxb2 23. Rd1 Bc3 24. Kf1 a5 25. Rc1 Bb4 26. h3 Kg7
27. g4 h6 28. Kg2 Kf6 29. Rc6+ e6 30. Rc7 Bd6 31. Rc2 Rb1 32. Rd2 Be5 33. Rd1
Rb2 34. Rc1 Bd6 35. Rc2 Rb1 36. Rd2 Bb4 37. Rd1 Rb2 38. Rc1 Ke5 39. Rc7 Kf6 40.
Rc1 Ke5 41. Rc7 Kf6 42. Rc1 Bd6 43. Rc2 Rb1 44. Rd2 Ba3 45. Kg3 Ke7 46. Kf3 Bd6
47. Kg2 f5 48. f3 Bc5 49. Re2 e5 50. Bc4 Rd1 51. e4 f4 52. Rc2 Be3 53. Be2 Rg1+
54. Kh2 Kd6 55. Bb5 Rb1 56. a4 Bc5 57. Rd2+ Bd4 58. Rc2 Bg1+ 59. Kg2 Bc5 60.
Rd2+ Bd4 61. Rc2 Rb2 62. Rxb2 Bxb2 63. Be8 g5 64. Kf2 Kc5 65. Ke2 Kd4 66. Bb5
Bc3 67. Be8 1/2-1/2